[Event "Team Championship of Russia (rapid)"]
[Site "Sochi"]
[Date "2015.05.09"]
[Round "5.19"]
[White "Aleksandrov, Aleksej"]
[Black "Krutko, Anatoly"]
[Result "1-0"]
[LiveChessVersion "1.4.4"]
[BlackElo "2486"]
[WhiteElo "2685"]

1. d4 {[%clk 0:15:19]} Nf6 {[%clk 0:15:18]} 2. c4 {[%clk 0:15:27]} g6
{[%clk 0:15:26]} 3. Nc3 {[%clk 0:15:35]} Bg7 {[%clk 0:15:31]} 4. e4
{[%clk 0:15:43]} O-O {[%clk 0:15:31]} 5. h3 {[%clk 0:15:30]} d6 {[%clk 0:15:24]}
6. Be3 {[%clk 0:15:38]} c5 {[%clk 0:15:26]} 7. dxc5 {[%clk 0:15:42]} Qa5
{[%clk 0:15:31]} 8. Bd3 {[%clk 0:15:46]} dxc5 {[%clk 0:15:32]} 9. e5
{[%clk 0:15:53]} Nfd7 {[%clk 0:15:32]} 10. f4 {[%clk 0:16:00]} Nc6
{[%clk 0:14:59]} 11. Nf3 {[%clk 0:14:42]} Rd8 {[%clk 0:15:04]} 12. O-O
{[%clk 0:14:28]} f6 {[%clk 0:14:52]} 13. Nd5 {[%clk 0:13:03]} f5 {[%clk 0:09:23]}
14. Bd2 {[%clk 0:12:41]} Nb4 {[%clk 0:06:21]} 15. a3 {[%clk 0:12:26]} Re8
{[%clk 0:06:29]} 16. axb4 {[%clk 0:12:24]} Qd8 {[%clk 0:06:38]} 17. bxc5
{[%clk 0:11:38]} Nxc5 {[%clk 0:06:16]} 18. Bc2 {[%clk 0:11:21]} b6
{[%clk 0:05:27]} 19. Be3 {[%clk 0:11:07]} Bb7 {[%clk 0:05:15]} 20. b4
{[%clk 0:10:17]} Ne6 {[%clk 0:05:04]} 21. Ba4 {[%clk 0:10:06]} Rf8
{[%clk 0:05:09]} 22. Bb3 {[%clk 0:09:52]} Kh8 {[%clk 0:05:06]} 23. Qe2
{[%clk 0:09:47]} Bh6 {[%clk 0:04:35]} 24. Rad1 {[%clk 0:08:30]} Qe8
{[%clk 0:04:34]} 25. Qf2 {[%clk 0:08:30]} Bxd5 {[%clk 0:04:14]} 26. cxd5
{[%clk 0:08:36]} Nxf4 {[%clk 0:04:22]} 27. Rd4 {[%clk 0:08:10]} g5
{[%clk 0:04:12]} 28. Nxg5 {[%clk 0:08:07]} Nh5 {[%clk 0:03:31]} 29. Nf7+
{[%clk 0:05:56]} Qxf7 {[%clk 0:03:38]} 30. Bxh6 {[%clk 0:06:04]} Rg8
{[%clk 0:03:46]} 31. Qxf5 {[%clk 0:05:56]} Qxf5 {[%clk 0:03:53]} 32. Rxf5
{[%clk 0:06:04]} Ng3 {[%clk 0:04:02]} 33. Rf2 {[%clk 0:06:05]} Rac8
{[%clk 0:03:57]} 34. d6 1-0

[Event "Team Championship of Russia (rapid)"]
[Site "Sochi"]
[Date "2015.05.09"]
[Round "5.20"]
[White "Pogromsky, Mikhail"]
[Black "Tregubov, Pavel V."]
[Result "1-0"]
[LiveChessVersion "1.4.4"]
[BlackElo "2671"]
[WhiteElo "2428"]
[BlackTeam "University"]
[WhiteTeam "Polytechnic"]

1. Nf3 {[%clk 0:15:12]} Nf6 {[%clk 0:15:18]} 2. c4 {[%clk 0:15:19]} Nc6
{[%clk 0:15:27]} 3. d4 {[%clk 0:14:54]} e6 {[%clk 0:15:36]} 4. a3
{[%clk 0:14:50]} d6 {[%clk 0:15:38]} 5. Nc3 {[%clk 0:14:54]} g6 {[%clk 0:15:47]}
6. h3 {[%clk 0:14:48]} Bg7 {[%clk 0:15:54]} 7. Bg5 {[%clk 0:14:57]} h6
{[%clk 0:16:00]} 8. Bh4 {[%clk 0:15:06]} O-O {[%clk 0:15:58]} 9. e3
{[%clk 0:15:14]} Qe8 {[%clk 0:13:04]} 10. Be2 {[%clk 0:15:02]} e5
{[%clk 0:13:09]} 11. O-O {[%clk 0:15:04]} g5 {[%clk 0:11:59]} 12. Bg3
{[%clk 0:15:12]} e4 {[%clk 0:12:08]} 13. Nd2 {[%clk 0:15:21]} Bf5
{[%clk 0:12:17]} 14. b4 {[%clk 0:15:09]} Bg6 {[%clk 0:12:24]} 15. c5
{[%clk 0:15:11]} Rd8 {[%clk 0:12:11]} 16. Qb3 {[%clk 0:12:19]} Qe7
{[%clk 0:11:09]} 17. Nc4 {[%clk 0:11:46]} Nh5 {[%clk 0:08:48]} 18. Nd5
{[%clk 0:10:44]} Qd7 {[%clk 0:07:43]} 19. Bxh5 {[%clk 0:09:25]} Bxh5
{[%clk 0:07:52]} 20. cxd6 {[%clk 0:09:34]} cxd6 {[%clk 0:07:49]} 21. Nxd6
{[%clk 0:09:37]} Qe6 {[%clk 0:07:31]} 22. Rfc1 {[%clk 0:07:38]} Rxd6
{[%clk 0:07:30]} 23. Bxd6 {[%clk 0:07:46]} Qxd6 {[%clk 0:07:39]} 24. b5
{[%clk 0:07:49]} Na5 {[%clk 0:07:19]} 25. Qc3 {[%clk 0:07:54]} b6
{[%clk 0:06:04]} 26. Nb4 {[%clk 0:07:57]} g4 {[%clk 0:06:06]} 27. Qc7
{[%clk 0:06:29]} Qe6 {[%clk 0:06:02]} 28. hxg4 {[%clk 0:06:35]} Bxg4
{[%clk 0:06:09]} 29. Rc3 {[%clk 0:04:57]} f5 {[%clk 0:05:03]} 30. Qf4
{[%clk 0:04:21]} h5 {[%clk 0:03:34]} 31. Nc6 {[%clk 0:03:43]} Bh6
{[%clk 0:03:01]} 32. Qe5 {[%clk 0:03:43]} Qxe5 {[%clk 0:03:01]} 33. Nxe5
{[%clk 0:03:50]} f4 {[%clk 0:02:55]} 34. Ng6 {[%clk 0:03:45]} fxe3
{[%clk 0:02:49]} 35. Nxf8 {[%clk 0:03:53]} exf2+ {[%clk 0:02:58]} 36. Kxf2
{[%clk 0:04:01]} Kxf8 {[%clk 0:02:59]} 37. Re3 {[%clk 0:03:10]} Bf5
{[%clk 0:02:37]} 38. Rc1 {[%clk 0:03:17]} Ke7 {[%clk 0:02:17]} 39. Rxe4+
{[%clk 0:03:14]} Bxe4 {[%clk 0:02:25]} 40. Re1 {[%clk 0:03:23]} Nc4
{[%clk 0:02:23]} 41. Rxe4+ {[%clk 0:03:32]} Kf6 {[%clk 0:02:24]} 42. d5
{[%clk 0:03:26]} Ne5 {[%clk 0:01:57]} 43. Ra4 {[%clk 0:03:23]} Ng4+
{[%clk 0:01:58]} 44. Kg3 {[%clk 0:03:01]} Ke5 {[%clk 0:02:01]} 45. Rxa7
{[%clk 0:02:59]} Nf6 {[%clk 0:01:36]} 46. a4 {[%clk 0:02:33]} Bd2
{[%clk 0:01:45]} 47. Rf7 {[%clk 0:02:16]} Be1+ {[%clk 0:01:48]} 48. Kf3
{[%clk 0:02:23]} Nxd5 {[%clk 0:01:54]} 49. Ke2 {[%clk 0:02:23]} Bb4
{[%clk 0:01:57]} 50. Rh7 {[%clk 0:02:16]} Ke4 {[%clk 0:02:02]} 51. g3
{[%clk 0:02:19]} Nc3+ {[%clk 0:02:10]} 52. Kf2 {[%clk 0:02:22]} Bc5+
{[%clk 0:02:13]} 53. Kg2 {[%clk 0:02:27]} Nxa4 {[%clk 0:02:22]} 54. Rxh5
{[%clk 0:02:36]} Nc3 {[%clk 0:02:31]} 55. Rxc5 {[%clk 0:02:38]} Kd5 1-0

[Event "Team Championship of Russia (rapid)"]
[Site "Sochi"]
[Date "2015.05.09"]
[Round "5.21"]
[White "Korobov, Anton"]
[Black "Demidov, Mikhail"]
[Result "1-0"]
[LiveChessVersion "1.4.4"]
[BlackElo "2493"]
[WhiteElo "2660"]
[BlackTeam "Boavishta"]
[WhiteTeam "Siberia"]

1. d4 {[%clk 0:15:18]} d5 {[%clk 0:15:18]} 2. c4 {[%clk 0:15:27]} c6
{[%clk 0:15:27]} 3. Nf3 {[%clk 0:15:36]} Nf6 {[%clk 0:15:36]} 4. Nc3
{[%clk 0:15:45]} dxc4 {[%clk 0:15:45]} 5. a4 {[%clk 0:15:54]} Bf5
{[%clk 0:15:52]} 6. Ne5 {[%clk 0:16:03]} Na6 {[%clk 0:15:44]} 7. e3
{[%clk 0:15:38]} Nb4 {[%clk 0:15:51]} 8. Bxc4 {[%clk 0:15:45]} e6
{[%clk 0:15:59]} 9. O-O {[%clk 0:15:49]} Bd6 {[%clk 0:15:43]} 10. f3
{[%clk 0:15:32]} Qc7 {[%clk 0:14:40]} 11. e4 {[%clk 0:15:21]} Bg6
{[%clk 0:14:46]} 12. Bf4 {[%clk 0:13:50]} Nh5 {[%clk 0:12:51]} 13. Be3
{[%clk 0:13:36]} Rd8 {[%clk 0:12:13]} 14. f4 {[%clk 0:12:52]} c5 {[%clk 0:09:44]}
15. Nb5 {[%clk 0:12:27]} Qe7 {[%clk 0:09:46]} 16. Nxd6+ {[%clk 0:12:09]} Rxd6
{[%clk 0:09:13]} 17. f5 {[%clk 0:12:04]} cxd4 {[%clk 0:08:40]} 18. fxg6
{[%clk 0:12:08]} hxg6 {[%clk 0:07:55]} 19. Rxf7 {[%clk 0:11:56]} Qh4
{[%clk 0:08:02]} 20. Bb5+ {[%clk 0:11:22]} Kd8 {[%clk 0:07:50]} 21. Bxd4
{[%clk 0:10:30]} 1-0

[Event "Team Championship of Russia (rapid)"]
[Site "Sochi"]
[Date "2015.05.09"]
[Round "5.22"]
[White "Vastrukhin, Oleg"]
[Black "Kokarev, Dmitry"]
[Result "0-1"]
[LiveChessVersion "1.4.4"]
[BlackElo "2608"]
[WhiteElo "2444"]
[BlackTeam "Siberia"]
[WhiteTeam "Boavishta"]

1. Nf3 {[%clk 0:15:17]} c5 {[%clk 0:15:15]} 2. g3 {[%clk 0:15:19]} g6
{[%clk 0:15:22]} 3. Bg2 {[%clk 0:15:28]} Bg7 {[%clk 0:15:30]} 4. O-O
{[%clk 0:15:33]} Nc6 {[%clk 0:15:37]} 5. c4 {[%clk 0:15:41]} e6 {[%clk 0:15:43]}
6. Nc3 {[%clk 0:15:33]} Nge7 {[%clk 0:15:50]} 7. b3 {[%clk 0:15:26]} O-O
{[%clk 0:15:36]} 8. Bb2 {[%clk 0:15:33]} d5 {[%clk 0:15:43]} 9. cxd5
{[%clk 0:14:57]} exd5 {[%clk 0:15:40]} 10. Rc1 {[%clk 0:14:55]} b6
{[%clk 0:15:41]} 11. e3 {[%clk 0:12:55]} Ba6 {[%clk 0:15:46]} 12. d3
{[%clk 0:12:11]} Rc8 {[%clk 0:15:52]} 13. a3 {[%clk 0:12:11]} d4 {[%clk 0:15:25]}
14. exd4 {[%clk 0:11:55]} Nxd4 {[%clk 0:15:33]} 15. Nxd4 {[%clk 0:11:42]} Bxd4
{[%clk 0:15:39]} 16. Qf3 {[%clk 0:10:52]} Rc7 {[%clk 0:15:04]} 17. Rfe1
{[%clk 0:08:56]} Nf5 {[%clk 0:14:57]} 18. Qf4 {[%clk 0:08:22]} Bg7
{[%clk 0:14:07]} 19. Rcd1 {[%clk 0:08:11]} Rd7 {[%clk 0:13:25]} 20. Na4
{[%clk 0:07:30]} Nd4 {[%clk 0:13:05]} 21. b4 {[%clk 0:06:46]} cxb4
{[%clk 0:12:19]} 22. axb4 {[%clk 0:06:54]} Re8 {[%clk 0:12:13]} 23. Qh4
{[%clk 0:04:15]} Ne2+ {[%clk 0:11:00]} 24. Kf1 {[%clk 0:02:49]} Qxh4
{[%clk 0:11:07]} 25. gxh4 {[%clk 0:02:54]} Rxd3 {[%clk 0:10:29]} 26. Bc6
{[%clk 0:01:17]} Rxd1 {[%clk 0:10:36]} 27. Rxd1 {[%clk 0:01:26]} Nd4+
{[%clk 0:10:00]} 28. b5 {[%clk 0:01:31]} Bxb5+ {[%clk 0:10:08]} 29. Bxb5
{[%clk 0:01:39]} Nxb5 {[%clk 0:10:15]} 30. Rd7 {[%clk 0:01:42]} Bxb2
{[%clk 0:09:37]} 31. Nxb2 {[%clk 0:01:50]} Rc8 {[%clk 0:09:42]} 32. Nd3
{[%clk 0:01:49]} Rc7 {[%clk 0:09:45]} 33. Rd8+ {[%clk 0:01:48]} Kg7
{[%clk 0:09:52]} 34. h5 {[%clk 0:01:58]} gxh5 {[%clk 0:09:57]} 35. Nf4
{[%clk 0:02:07]} h4 {[%clk 0:09:52]} 36. Kg2 {[%clk 0:02:14]} Rc4
{[%clk 0:09:45]} 37. Kf3 {[%clk 0:01:56]} Nd4+ {[%clk 0:09:48]} 38. Ke3
{[%clk 0:02:04]} Nf5+ {[%clk 0:09:36]} 39. Kf3 {[%clk 0:02:13]} a5
{[%clk 0:09:31]} 40. Rb8 {[%clk 0:01:51]} Rb4 {[%clk 0:08:49]} 41. Nh5+
{[%clk 0:01:19]} Kh6 {[%clk 0:08:49]} 42. Nf6 {[%clk 0:01:22]} Ne7
{[%clk 0:07:59]} 43. Rb7 {[%clk 0:00:45]} Ng6 {[%clk 0:07:50]} 44. Nd5
{[%clk 0:00:51]} Rb5 {[%clk 0:07:40]} 45. Ke4 {[%clk 0:00:59]} f5+
{[%clk 0:06:49]} 46. Kd4 {[%clk 0:01:05]} a4 {[%clk 0:06:51]} 47. Nc3
{[%clk 0:00:48]} Rb2 {[%clk 0:06:52]} 48. f3 {[%clk 0:00:16]} a3 {[%clk 0:06:55]}
49. Ra7 {[%clk 0:00:15]} b5 {[%clk 0:06:55]} 50. Nd5 {[%clk 0:00:18]} b4
{[%clk 0:06:56]} 51. f4 {[%clk 0:00:13]} Rd2+ {[%clk 0:05:08]} 52. Kc4
{[%clk 0:00:23]} Rxh2 {[%clk 0:04:57]} 53. Kxb4 {[%clk 0:00:25]} a2
{[%clk 0:05:00]} 54. Kc5 {[%clk 0:00:13]} Rd2 {[%clk 0:04:44]} 55. Ne3
{[%clk 0:00:11]} Nxf4 {[%clk 0:04:35]} 56. Nxf5+ {[%clk 0:00:18]} Kg5
{[%clk 0:04:40]} 57. Nd4 {[%clk 0:00:19]} Nd3+ {[%clk 0:04:30]} 58. Kc4
{[%clk 0:00:17]} Ne5+ {[%clk 0:04:37]} 0-1

[Event "Team Championship of Russia (rapid)"]
[Site "Sochi"]
[Date "2015.05.09"]
[Round "5.23"]
[White "Bocharov, Dmitry"]
[Black "Pasiev, Rakhim"]
[Result "1-0"]
[LiveChessVersion "1.4.4"]
[BlackElo "2406"]
[WhiteElo "2553"]
[BlackTeam "Boavishta"]
[WhiteTeam "Siberia"]

1. Nf3 {[%clk 0:15:09]} c5 {[%clk 0:15:16]} 2. c4 {[%clk 0:15:08]} Nc6
{[%clk 0:15:21]} 3. Nc3 {[%clk 0:15:14]} Nf6 {[%clk 0:15:29]} 4. d4
{[%clk 0:15:16]} cxd4 {[%clk 0:15:35]} 5. Nxd4 {[%clk 0:15:25]} g6
{[%clk 0:15:35]} 6. Nc2 {[%clk 0:15:28]} Bg7 {[%clk 0:15:42]} 7. g3
{[%clk 0:15:36]} d6 {[%clk 0:15:38]} 8. Bg2 {[%clk 0:15:43]} Bd7 {[%clk 0:15:46]}
9. b3 {[%clk 0:15:48]} Qc8 {[%clk 0:15:49]} 10. h3 {[%clk 0:15:54]} O-O
{[%clk 0:14:59]} 11. Bb2 {[%clk 0:15:59]} Re8 {[%clk 0:14:23]} 12. Qd2
{[%clk 0:15:58]} Rb8 {[%clk 0:14:14]} 13. Rc1 {[%clk 0:15:49]} a6
{[%clk 0:14:03]} 14. Ne3 {[%clk 0:15:55]} Qd8 {[%clk 0:13:22]} 15. O-O
{[%clk 0:14:58]} Qa5 {[%clk 0:12:58]} 16. a3 {[%clk 0:13:36]} Qh5
{[%clk 0:13:06]} 17. g4 {[%clk 0:13:37]} Qh4 {[%clk 0:12:55]} 18. Ncd5
{[%clk 0:13:14]} h5 {[%clk 0:11:06]} 19. Nxf6+ {[%clk 0:11:09]} exf6
{[%clk 0:11:14]} 20. Qxd6 {[%clk 0:10:20]} Rbd8 {[%clk 0:11:22]} 21. Qh2
{[%clk 0:09:55]} Ne5 {[%clk 0:11:04]} 22. Bxb7 {[%clk 0:05:32]} Rb8
{[%clk 0:09:58]} 23. Ng2 {[%clk 0:04:51]} Qg5 {[%clk 0:09:16]} 24. f4
{[%clk 0:04:58]} Nxg4 {[%clk 0:09:14]} 25. hxg4 {[%clk 0:05:06]} Qc5+
{[%clk 0:09:08]} 26. e3 {[%clk 0:05:14]} Rxb7 {[%clk 0:08:30]} 27. b4
{[%clk 0:05:20]} Qf8 {[%clk 0:07:08]} 28. gxh5 {[%clk 0:05:25]} Bc6
{[%clk 0:07:06]} 29. Bd4 {[%clk 0:05:30]} Qe7 {[%clk 0:06:33]} 30. h6
{[%clk 0:05:19]} Bf8 {[%clk 0:05:54]} 31. Qh4 {[%clk 0:05:12]} Qe4
{[%clk 0:06:02]} 32. h7+ {[%clk 0:05:15]} 1-0

[Event "Team Championship of Russia (rapid)"]
[Site "Sochi"]
[Date "2015.05.09"]
[Round "5.24"]
[White "Denishev, Marat"]
[Black "Maletin, Pavel"]
[Result "1/2-1/2"]
[LiveChessVersion "1.4.4"]
[BlackElo "2540"]
[WhiteElo "2261"]
[BlackTeam "Siberia"]

1. Nf3 {[%clk 0:15:18]} Nf6 {[%clk 0:15:13]} 2. c4 {[%clk 0:15:25]} c6
{[%clk 0:15:22]} 3. Nc3 {[%clk 0:15:30]} d5 {[%clk 0:15:31]} 4. e3
{[%clk 0:15:33]} e6 {[%clk 0:15:38]} 5. d4 {[%clk 0:15:29]} Nbd7 {[%clk 0:15:45]}
6. Bd3 {[%clk 0:15:36]} dxc4 {[%clk 0:15:53]} 7. Bxc4 {[%clk 0:15:42]} b5
{[%clk 0:16:02]} 8. Be2 {[%clk 0:15:30]} Bb7 {[%clk 0:15:56]} 9. O-O
{[%clk 0:15:27]} Be7 {[%clk 0:15:43]} 10. e4 {[%clk 0:13:01]} b4 {[%clk 0:15:49]}
11. e5 {[%clk 0:13:10]} bxc3 {[%clk 0:15:58]} 12. exf6 {[%clk 0:13:18]} Bxf6
{[%clk 0:16:05]} 13. bxc3 {[%clk 0:13:26]} c5 {[%clk 0:16:03]} 14. Be3
{[%clk 0:12:22]} O-O {[%clk 0:15:57]} 15. Qb3 {[%clk 0:10:17]} Bd5
{[%clk 0:15:31]} 16. Qa3 {[%clk 0:10:22]} cxd4 {[%clk 0:15:12]} 17. Bxd4
{[%clk 0:09:49]} Bxd4 {[%clk 0:13:00]} 18. cxd4 {[%clk 0:09:03]} Rb8
{[%clk 0:12:19]} 19. Rac1 {[%clk 0:08:45]} Qb6 {[%clk 0:12:18]} 20. Rfe1
{[%clk 0:06:37]} Nf6 {[%clk 0:11:55]} 21. Qa4 {[%clk 0:06:01]} Rfd8
{[%clk 0:11:44]} 22. Red1 {[%clk 0:05:54]} h6 {[%clk 0:11:02]} 23. h3
{[%clk 0:05:54]} Ne4 {[%clk 0:08:32]} 24. Ne5 {[%clk 0:04:57]} Qb2
{[%clk 0:07:35]} 25. Rc2 {[%clk 0:04:30]} Nc3 {[%clk 0:07:22]} 26. Rxb2
{[%clk 0:04:23]} Nxa4 {[%clk 0:07:31]} 27. Rc2 {[%clk 0:04:31]} Be4
{[%clk 0:06:15]} 28. Rc7 {[%clk 0:04:21]} Rb2 {[%clk 0:05:23]} 29. Bh5
{[%clk 0:03:41]} f6 {[%clk 0:05:00]} 30. Nf7 {[%clk 0:02:37]} Ra8
{[%clk 0:04:36]} 31. Rdc1 {[%clk 0:01:53]} Nb6 {[%clk 0:04:41]} 32. Nd6
{[%clk 0:01:38]} Bd5 {[%clk 0:04:24]} 33. Re7 {[%clk 0:01:33]} Rd8
{[%clk 0:03:06]} 34. Rcc7 {[%clk 0:01:01]} Rxd6 {[%clk 0:03:04]} 35. Rxg7+
{[%clk 0:01:07]} Kh8 {[%clk 0:03:05]} 36. Rh7+ {[%clk 0:00:50]} Kg8
{[%clk 0:03:14]} 37. Rhg7+ {[%clk 0:00:23]} Kh8 {[%clk 0:03:21]} 38. Rh7+
{[%clk 0:00:19]} 1/2-1/2

[Event "Team Championship of Russia (rapid)"]
[Site "Sochi"]
[Date "2015.05.09"]
[Round "5.25"]
[White "Reshetnikov, Alexey"]
[Black "Panarin, Mikhail"]
[Result "1/2-1/2"]
[LiveChessVersion "1.4.4"]
[BlackElo "2642"]
[WhiteElo "2390"]
[WhiteTeam "Our heritage - Junior"]

1. Nf3 {[%clk 0:15:19]} Nf6 {[%clk 0:15:16]} 2. c4 {[%clk 0:15:28]} g6
{[%clk 0:15:19]} 3. Nc3 {[%clk 0:15:36]} d5 {[%clk 0:15:27]} 4. cxd5
{[%clk 0:15:34]} Nxd5 {[%clk 0:15:35]} 5. Qb3 {[%clk 0:15:38]} Nb6
{[%clk 0:15:33]} 6. d4 {[%clk 0:15:44]} Be6 {[%clk 0:15:34]} 7. Qc2
{[%clk 0:13:46]} Bg7 {[%clk 0:15:19]} 8. Bg5 {[%clk 0:13:40]} O-O
{[%clk 0:13:41]} 9. Rd1 {[%clk 0:13:07]} h6 {[%clk 0:12:42]} 10. Bh4
{[%clk 0:13:05]} Bf5 {[%clk 0:12:19]} 11. Qb3 {[%clk 0:10:20]} a5
{[%clk 0:12:11]} 12. e3 {[%clk 0:09:27]} Nc6 {[%clk 0:11:08]} 13. d5
{[%clk 0:06:51]} Nb4 {[%clk 0:07:54]} 14. e4 {[%clk 0:06:55]} Bd7
{[%clk 0:07:59]} 15. Be2 {[%clk 0:06:18]} Qe8 {[%clk 0:06:54]} 16. a3
{[%clk 0:05:20]} Na6 {[%clk 0:06:38]} 17. O-O {[%clk 0:05:04]} Ba4
{[%clk 0:06:02]} 18. Nxa4 {[%clk 0:05:04]} Qxa4 {[%clk 0:06:10]} 19. Qe3
{[%clk 0:04:05]} Rfe8 {[%clk 0:05:11]} 20. Nd4 {[%clk 0:04:06]} Nc4
{[%clk 0:04:47]} 21. Qc3 {[%clk 0:03:14]} Nd6 {[%clk 0:04:55]} 22. f3
{[%clk 0:02:49]} Rac8 {[%clk 0:04:39]} 23. Bf2 {[%clk 0:02:18]} c5
{[%clk 0:04:00]} 24. dxc6 {[%clk 0:02:20]} Rxc6 {[%clk 0:04:07]} 25. Qd2
{[%clk 0:02:16]} Rcc8 {[%clk 0:03:41]} 26. Rc1 {[%clk 0:01:23]} 1/2-1/2

[Event "Team Championship of Russia (rapid)"]
[Site "Sochi"]
[Date "2015.05.09"]
[Round "5.26"]
[White "Bryzgalin, Kirill"]
[Black "Vavulin, Maksim"]
[Result "1-0"]
[LiveChessVersion "1.4.4"]
[BlackElo "2307"]
[WhiteElo "2588"]
[BlackTeam "Our heritage - Junior"]

1. c4 {[%clk 0:15:18]} g6 {[%clk 0:15:10]} 2. g3 {[%clk 0:15:26]} Bg7
{[%clk 0:15:17]} 3. Bg2 {[%clk 0:15:35]} e5 {[%clk 0:15:18]} 4. Nc3
{[%clk 0:15:41]} Ne7 {[%clk 0:15:23]} 5. e3 {[%clk 0:15:22]} d6 {[%clk 0:14:17]}
6. Nge2 {[%clk 0:15:21]} c6 {[%clk 0:14:19]} 7. d4 {[%clk 0:15:15]} Qc7
{[%clk 0:14:08]} 8. b3 {[%clk 0:15:16]} O-O {[%clk 0:14:04]} 9. O-O
{[%clk 0:15:23]} a5 {[%clk 0:13:44]} 10. Ba3 {[%clk 0:15:23]} Rd8
{[%clk 0:13:49]} 11. Qd2 {[%clk 0:15:02]} Na6 {[%clk 0:13:37]} 12. Rfd1
{[%clk 0:14:43]} Nb4 {[%clk 0:12:53]} 13. dxe5 {[%clk 0:13:49]} Bxe5
{[%clk 0:12:59]} 14. Rac1 {[%clk 0:13:57]} Bg4 {[%clk 0:09:24]} 15. h3
{[%clk 0:13:40]} Bxe2 {[%clk 0:09:30]} 16. Nxe2 {[%clk 0:13:48]} Qb6
{[%clk 0:09:33]} 17. Nc3 {[%clk 0:12:10]} Nf5 {[%clk 0:09:19]} 18. Na4
{[%clk 0:10:23]} Qc7 {[%clk 0:08:37]} 19. Be4 {[%clk 0:09:40]} Ng7
{[%clk 0:08:31]} 20. Bxb4 {[%clk 0:09:09]} axb4 {[%clk 0:08:39]} 21. Qxb4
{[%clk 0:09:18]} Ne6 {[%clk 0:08:38]} 22. Bg2 {[%clk 0:08:50]} h5
{[%clk 0:08:18]} 23. Rc2 {[%clk 0:08:01]} Kh7 {[%clk 0:07:39]} 24. Qd2
{[%clk 0:07:46]} f5 {[%clk 0:06:15]} 25. Nc3 {[%clk 0:07:30]} Qg7
{[%clk 0:06:14]} 26. Ne2 {[%clk 0:07:26]} Nc5 {[%clk 0:04:51]} 27. Nf4
{[%clk 0:07:10]} Qe7 {[%clk 0:04:47]} 28. h4 {[%clk 0:07:08]} Ne4
{[%clk 0:02:53]} 29. Qd3 {[%clk 0:07:17]} Nc5 {[%clk 0:02:41]} 30. Qe2
{[%clk 0:07:21]} Ne4 {[%clk 0:02:31]} 31. Nxh5 {[%clk 0:06:13]} gxh5
{[%clk 0:01:30]} 32. Qxh5+ {[%clk 0:06:22]} Kg8 {[%clk 0:01:35]} 33. Qxf5
{[%clk 0:06:21]} Nc5 {[%clk 0:01:36]} 34. Rcd2 {[%clk 0:05:37]} Ne6
{[%clk 0:01:12]} 35. Be4 {[%clk 0:05:32]} Nc5 {[%clk 0:00:59]} 36. Bb1
{[%clk 0:05:36]} Qg7 {[%clk 0:00:50]} 37. Rd4 {[%clk 0:04:57]} Rf8
{[%clk 0:00:22]} 38. Qh5 {[%clk 0:05:05]} Qh8 {[%clk 0:00:17]} 39. Rg4+
{[%clk 0:05:07]} Bg7 {[%clk 0:00:26]} 40. Rxg7+ {[%clk 0:04:48]} Qxg7
{[%clk 0:00:33]} 41. Rd4 {[%clk 0:04:57]} Rf6 {[%clk 0:00:25]} 42. Rg4
{[%clk 0:05:02]} Qxg4 {[%clk 0:00:34]} 43. Qxg4+ {[%clk 0:05:10]} Kf7
{[%clk 0:00:41]} 44. Qh5+ {[%clk 0:05:17]} Ke7 {[%clk 0:00:49]} 45. f4
{[%clk 0:05:07]} Re8 {[%clk 0:00:31]} 46. Kf2 {[%clk 0:05:03]} Kd8
{[%clk 0:00:30]} 47. Qg5 {[%clk 0:05:10]} Ref8 {[%clk 0:00:35]} 48. h5
{[%clk 0:05:03]} Ne6 {[%clk 0:00:39]} 49. Qh4 {[%clk 0:05:09]} Kc7
{[%clk 0:00:31]} 50. h6 {[%clk 0:05:04]} R6f7 {[%clk 0:00:31]} 51. h7
{[%clk 0:05:09]} Rh8 {[%clk 0:00:39]} 52. Bg6 {[%clk 0:05:15]} Rg7
{[%clk 0:00:36]} 53. Qf6 {[%clk 0:05:19]} 1-0

[Event "Team Championship of Russia (rapid)"]
[Site "Sochi"]
[Date "2015.05.09"]
[Round "5.27"]
[White "Savenkov, Konstantin"]
[Black "Lugovskoy, Maxim"]
[Result "0-1"]
[LiveChessVersion "1.4.4"]
[BlackElo "2445"]
[WhiteElo "2278"]
[WhiteTeam "Our heritage - Junior"]

1. e4 {[%clk 0:15:19]} e6 {[%clk 0:15:19]} 2. d4 {[%clk 0:15:28]} d5
{[%clk 0:15:28]} 3. Nc3 {[%clk 0:15:37]} Bb4 {[%clk 0:15:36]} 4. exd5
{[%clk 0:15:46]} exd5 {[%clk 0:15:45]} 5. Bd3 {[%clk 0:15:55]} Nc6
{[%clk 0:15:53]} 6. a3 {[%clk 0:16:04]} Be7 {[%clk 0:15:29]} 7. Nce2
{[%clk 0:16:12]} Bg4 {[%clk 0:15:12]} 8. c3 {[%clk 0:15:33]} Qd7 {[%clk 0:15:20]}
9. Qb3 {[%clk 0:14:02]} O-O-O {[%clk 0:15:23]} 10. Ng3 {[%clk 0:12:39]} h5
{[%clk 0:15:10]} 11. h3 {[%clk 0:12:28]} Be6 {[%clk 0:15:19]} 12. Qc2
{[%clk 0:12:08]} Nf6 {[%clk 0:14:10]} 13. Nf3 {[%clk 0:11:51]} Bd6
{[%clk 0:14:00]} 14. Nf5 {[%clk 0:11:25]} Ne4 {[%clk 0:11:43]} 15. Nxd6+
{[%clk 0:08:38]} Nxd6 {[%clk 0:11:51]} 16. Bf4 {[%clk 0:08:01]} Nc4
{[%clk 0:10:04]} 17. b3 {[%clk 0:06:41]} Nd6 {[%clk 0:10:08]} 18. O-O
{[%clk 0:06:36]} f6 {[%clk 0:09:43]} 19. c4 {[%clk 0:06:31]} g5 {[%clk 0:09:33]}
20. Bxd6 {[%clk 0:05:31]} Qxd6 {[%clk 0:09:41]} 21. Rfe1 {[%clk 0:05:08]} Kb8
{[%clk 0:09:18]} 22. Bf5 {[%clk 0:04:59]} Bxf5 {[%clk 0:07:46]} 23. Qxf5
{[%clk 0:05:08]} g4 {[%clk 0:07:56]} 24. hxg4 {[%clk 0:02:48]} hxg4
{[%clk 0:08:04]} 25. Qxg4 {[%clk 0:02:51]} Rdg8 {[%clk 0:08:10]} 26. Qf5
{[%clk 0:02:43]} dxc4 {[%clk 0:07:19]} 27. bxc4 {[%clk 0:02:36]} Nxd4
{[%clk 0:05:34]} 28. Nxd4 {[%clk 0:02:44]} Qxd4 {[%clk 0:05:34]} 29. Rab1
{[%clk 0:02:29]} b6 {[%clk 0:04:59]} 30. Re4 {[%clk 0:01:58]} Qd2
{[%clk 0:05:02]} 31. Re3 {[%clk 0:00:27]} Qd4 {[%clk 0:04:28]} 32. Re4 Qd6 33.
Rf4 {[%clk 0:00:21]} Rg5 {[%clk 0:04:07]} 34. Qxf6 {[%clk 0:00:23]} Qxf6
{[%clk 0:04:14]} 35. Rxf6 {[%clk 0:00:31]} Rgh5 {[%clk 0:04:23]} 0-1